00755nam a2200169Ia 4500001001100000003000500011008004100016010001100057040000900068100002800077245022700105260003400332300002200366502010500388700004200493710005000535Para_10168CHAP220125sNovi xx 000 0 und d a208705 cCHAP aBarreto Olivar, Roberto aResistencia de dos Biotipos de Avena fatus L. a los herbicidas mesosulfuron + iodosulfuron Y pinoxaden bajo condiciones de invernadero en Chapingo, México /c Roberto Barreto Olivar. Director José Antonio Tafoya Razo. aChapingo, Méx. :b el autor a1 CDS ROM (58 p.) aTesis (Ing. Agr. Esp. en Parasitología Agrícola). UACh. Departamento Parasitología Agrícola aTafoya Razo, José Antonio. Director aUACh. Departamento Parasitología Agrícola